000
00190 a2200097 4500
020
_a
9780875967295
041
_a
eng
100
_a
Judith Benn Hurley
245
_a
The good herb
942
_c
BK
999
_c
13567
_d
13567